000 00911nam a22003377a 4500
001 0160
003 DO-SdBNP
005 20160310145941.0
007 0160
008 151005b 200 1997 xxu 00| 0 spa d
020 _a0153020393
040 _aBPMSU
_bspa
_cBPMSU
041 _aeng
092 _aXXXX
_bXXXX
245 1 0 _aLiving in our word /
_cRichard G. Boehm...[et.al]
260 _aEstados Unidos :
_bHarcourt brace & company,
_c1997.
300 _a343 p. :
_bil., retrs.
_c29 cm.
500 _aIncluye diccionario geográfico
500 _aIncluye glosario
500 _aIncluye glosario
500 _aIncluye índice
504 _aBibliografía p: 59
700 1 2 _aBoehm, Richard G.
700 1 2 _aHoone, Claudia
700 1 2 _aMcGowan, Thomas M.
700 1 2 _aMcKinney-Browning, Mabel C.
700 1 2 _aMiramontes, Ofelia B.
910 _a144
942 _2ddc
_cBK
956 _aYngrid Lockward
999 _c9183
_d9183